Antología de romances históricos y fantásticos
Saved in:
| Format: | Book |
|---|---|
| Language: | Spanish |
| Published: |
Santiago
Universitaria
1976
|
| Series: | Colección para el estudiante
|
| Subjects: | |
| Tags: |
Add Tag
No Tags, Be the first to tag this record!
|
MARC
| LEADER | 00000nam a2200000 a 4500 | ||
|---|---|---|---|
| 001 | UCX5902 | ||
| 003 | CL-VaPUC | ||
| 008 | 930303e19760000CL |||||||||||||||||spa|d | ||
| 082 | 0 | 4 | |a 861 |b ANT |2 21 |
| 245 | 1 | 0 | |a Antología de romances históricos y fantásticos |
| 300 | |a 102 p | ||
| 942 | |c BK | ||
| 945 | |d 19930303 00:00:00 | ||
| 260 | |a Santiago |b Universitaria |c 1976 | ||
| 650 | 0 | |a Poesía épica española |9 268761 | |
| 583 | |a last modification |c 19930303 00:00:00 |k Rodrigo Vera | ||
| 490 | 0 | |a Colección para el estudiante | |
| 999 | |c 226027 |d 226025 | ||
| 952 | |0 0 |1 0 |4 0 |6 861_000000000000000_ANT_1976 |7 0 |8 A |9 224050 |a BIBEDU |b BIBEDU |d 2019-11-15 |i 2928949 |o 861 ANT 1976 |p 2928949 |r 2019-11-15 |w 2019-11-15 |y BK |k LIT | ||
| 952 | |0 0 |1 0 |4 0 |6 861_000000000000000_ANT_1976 |7 0 |8 A |9 224051 |a BIBEDU |b BIBEDU |d 2019-11-15 |i 2928957 |o 861 ANT 1976 |p 2928957 |r 2019-11-15 |w 2019-11-15 |y BK |k LIT | ||